00485nam a2200145Ia 4500008004100000041000800041082001700049100001800066245004500084260003200129300003000161365001100191999001500202952012200217240624s9999 xx 000 0 und d aeng a658.3124 PRA aPRAKASH VIJOY aCREATIVE LEARNING A HANDBOOK FOR TEACHER c2007aNew DelhibViva Books axi, : 390 : p. : cm. ; 22 cRSb32 c7621d7621 00104070aIMTNbIMTNcRack 26-Ad2007-12-04eAPg395.00o658.3124 PRAp7621r2024-06-24 00:00:00t1w2024-06-24yBK